Normal view
MARC view
Entry Personal Name
001 - CONTROL NUMBER
- control field: 58930
003 - CONTROL NUMBER IDENTIFIER
- control field: OSt
005 - DATE AND TIME OF LATEST TRANSACTION
- control field: 20160522161814.0
008 - FIXED-LENGTH DATA ELEMENTS
- fixed length control field: 160522|| aca||aabn | a|a d
040 ## - CATALOGING SOURCE
- Original cataloging agency: OSt
- Transcribing agency: OSt
100 ## - HEADING--PERSONAL NAME
- Personal name: झारी, कृष्णदेव
670 ## - SOURCE DATA FOUND
- Source citation: Work cat.: (OSt)18268: झारी, कृष्णदेव , प्रेमचन्द की चुनिन्दा कहानियॉ , 2001









